Radiating confidence (Record no. 71132)
[ view plain ]
| 000 -LEADER | |
|---|---|
| fixed length control field | 01077cam a2200229 4500 |
| 001 - CONTROL NUMBER | |
| control field | ABS65870 |
| 008 - FIXED-LENGTH DATA ELEMENTS--GENERAL INFORMATION | |
| fixed length control field | 020910n2002 000 0 eng u |
| 035 ## - SYSTEM CONTROL NUMBER | |
| System control number | (Sirsi) u119658 |
| 100 ## - MAIN ENTRY--PERSONAL NAME | |
| Personal name | Donati, M. |
| 245 ## - TITLE STATEMENT | |
| Title | Radiating confidence |
| 260 ## - PUBLICATION, DISTRIBUTION, ETC. | |
| Date of publication, distribution, etc. | 2002 |
| 490 ## - SERIES STATEMENT | |
| Series statement | Planning (for the Natural and Built Environment) |
| Volume/sequential designation | 16 August 2002, 13-15(3) |
| 520 ## - SUMMARY, ETC. | |
| Summary, etc. | Articles on the telecommunications industry. Includes detail on the clearing of planning hurdles and the development of mobile phone masts. Argues for the importance of planners in the industry that are driving the business forward as the demand for new installations will be increasing over the next 10 years. Mentions the 'Ten commitments' set up by the network operators trade body that sets out the industry's responsibilities to the public. |
| 590 ## - LOCAL NOTE (RLIN) | |
| Local note | ABS |
| 650 ## - SUBJECT ADDED ENTRY--TOPICAL TERM | |
| Topical term or geographic name entry element | TELECOMMUNICATIONS INDUSTRY |
| 650 ## - SUBJECT ADDED ENTRY--TOPICAL TERM | |
| Topical term or geographic name entry element | MOBILE PHONES |
| 650 ## - SUBJECT ADDED ENTRY--TOPICAL TERM | |
| Topical term or geographic name entry element | MASTS |
| 650 ## - SUBJECT ADDED ENTRY--TOPICAL TERM | |
| Topical term or geographic name entry element | TEN COMMITMENTS |
| 650 ## - SUBJECT ADDED ENTRY--TOPICAL TERM | |
| Topical term or geographic name entry element | PLANNING PROFESSION |
| 690 ## - LOCAL SUBJECT ADDED ENTRY--TOPICAL TERM (OCLC, RLIN) | |
| Topical term or geographic name as entry element | ENVIRONMENTAL AND LAND CONSULTANCY-PLANNING AND DEVELOPMENT |
| 942 ## - ADDED ENTRY ELEMENTS (KOHA) | |
| Suppress in OPAC | 0 |
| Withdrawn status | Lost status | Source of classification or shelving scheme | Damaged status | Not for loan | Home library | Current library | Shelving location | Date acquired | Total Checkouts | Full call number | Barcode | Date last seen | Copy number | Price effective from | Koha item type |
|---|---|---|---|---|---|---|---|---|---|---|---|---|---|---|---|
| Dewey Decimal Classification | London | London | Journal article | 10/09/2002 | ABS65870 | 119658-1001 | 06/08/2019 | 1 | 06/08/2019 | Journal article |